Introduction to Modern Inorganic Chemistry (Record no. 3882)
[ view plain ]
| 000 -LEADER | |
|---|---|
| fixed length control field | 00806cam a2200265 a 4500 |
| 001 - CONTROL NUMBER | |
| control field | 13208111 |
| 003 - CONTROL NUMBER IDENTIFIER | |
| control field | OSt |
| 005 - DATE AND TIME OF LATEST TRANSACTION | |
| control field | 20161028143356.0 |
| 008 - FIXED-LENGTH DATA ELEMENTS--GENERAL INFORMATION | |
| fixed length control field | 981019s1996 enka b 001 0 eng d |
| 010 ## - LIBRARY OF CONGRESS CONTROL NUMBER | |
| LC control number | 2003446783 |
| 020 ## - INTERNATIONAL STANDARD BOOK NUMBER | |
| International Standard Book Number | 0748739831 |
| 035 ## - SYSTEM CONTROL NUMBER | |
| System control number | (OCoLC)ocm40129347 |
| 040 ## - CATALOGING SOURCE | |
| Original cataloging agency | PSC |
| Transcribing agency | PSC |
| Modifying agency | WY@ |
| -- | DLC |
| 050 00 - LIBRARY OF CONGRESS CALL NUMBER | |
| Classification number | QD151.2 |
| Item number | .M33 1996 |
| 082 00 - DEWEY DECIMAL CLASSIFICATION NUMBER | |
| Classification number | 546 |
| Edition number | 21 |
| Item number | MAC 1996 |
| 100 1# - MAIN ENTRY--PERSONAL NAME | |
| Personal name | Mackay, Rosemary Ann.; Henderson, W |
| 9 (RLIN) | 8521 |
| 245 10 - TITLE STATEMENT | |
| Title | Introduction to Modern Inorganic Chemistry |
| 250 ## - EDITION STATEMENT | |
| Edition statement | 5th ed. |
| 260 ## - PUBLICATION, DISTRIBUTION, ETC. (IMPRINT) | |
| Place of publication, distribution, etc. | U.K. : |
| Name of publisher, distributor, etc. | Stanley Thornes, |
| Date of publication, distribution, etc. | 1996 |
| 300 ## - PHYSICAL DESCRIPTION | |
| Extent | xvi, 468 p. : |
| Other physical details | ill. ; |
| Dimensions | 28 cm. |
| 504 ## - BIBLIOGRAPHY, ETC. NOTE | |
| Bibliography, etc | Includes bibliographical references (p. 433-449) and index. |
| 650 #0 - SUBJECT ADDED ENTRY--TOPICAL TERM | |
| Topical term or geographic name as entry element | Chemistry, Inorganic. |
| 9 (RLIN) | 8270 |
| 906 ## - LOCAL DATA ELEMENT F, LDF (RLIN) | |
| a | 7 |
| b | cbc |
| c | copycat |
| d | 2 |
| e | ncip |
| f | 20 |
| g | y-gencatlg |
| 942 ## - ADDED ENTRY ELEMENTS (KOHA) | |
| Source of classification or shelving scheme | Dewey Decimal Classification |
| Koha item type | Short Loan |
| Withdrawn status | Lost status | Source of classification or shelving scheme | Damaged status | Not for loan | Home library | Current library | Date acquired | Source of acquisition | Inventory number | Total Checkouts | Full call number | Barcode | Date last seen | Koha item type | Date last checked out | Checked out |
|---|---|---|---|---|---|---|---|---|---|---|---|---|---|---|---|---|
| Dewey Decimal Classification | MUST Main Library | MUST Main Library | 06/05/2016 | 02/17625 | 546 MAC 1996 | 2016-1594 | 06/05/2016 | Short Loan | ||||||||
| Dewey Decimal Classification | MUST Main Library | MUST Main Library | 06/10/2016 | 02/17624 | 4 | 546 MAC 1996 | 2016-4638 | 10/03/2022 | Open Shelf | 02/03/2022 | ||||||
| Dewey Decimal Classification | MUST Main Library | MUST Main Library | 28/10/2016 | 04/22092 | 1 | 546 MAC 1996 | 2016-4893 | 28/10/2016 | Open Shelf | 28/10/2016 | 04/11/2016 |
